El pollito de la avellaneda : cuento popular /
Guardado en:
| Autor Principal: | |
|---|---|
| Otros Autores: | |
| Formato: | Libro |
| Publicado: |
Buenos Aires :
Kalandraka,
2013
|
| Series: | Libros para soñar
|
| Materias: | |
| Etiquetas: |
Agregar Etiqueta
Sin Etiquetas, Sea el primero en etiquetar este registro!
|
| LEADER | 00912nam a22002535a 4500 | ||
|---|---|---|---|
| 001 | CEM.cems015405 | ||
| 008 | 130507s2013##################000#0#####d | ||
| 005 | 20240223161131.0 | ||
| 245 | 1 | 0 | |a El pollito de la avellaneda : |b cuento popular / |c Antonio Rubio ; ilustrado Por Gabriel Pacheco |
| 260 | |a Buenos Aires : |b Kalandraka, |c 2013 | ||
| 300 | |a 28 p. | ||
| 490 | 0 | |a Libros para soñar | |
| 020 | |a 978987121727 | ||
| 100 | 1 | |a Rubio, Antonio | |
| 700 | 1 | |a Pacheco, Gabriel; il. | |
| 082 | 0 | 4 | |a 863.6 |
| 653 | |a Literatura | ||
| 653 | |a Literatura española | ||
| 653 | |a Literatura infantil | ||
| 653 | |a Cuentos infantiles | ||
| 653 | |a Colección ciencias de la educación | ||
| 859 | |a CEMS |b BIB. CEMS - Inicial y Primaria |h 863.6 |i R825 |k IP |p 3906 |t Ej. 1 | ||
| 859 | |a CEMS |b BIB. CEMS - Ccias. Educacion |h 863.6 |i R825 |k CE |p 28792.19 |t Ej.1 | ||
| 859 | |a CEMS |b BIB. CEMS - Ccias. Educacion |h 863.6 |i R825 |k CE |p 28793.19 |t Ej.2 | ||
